Nucleophilic substitution at a saturated carbon atom / (Record no. 2000)
[ view plain ]
| 000 -LEADER | |
|---|---|
| fixed length control field | 00389nam a22001331 4500 |
| 050 00 - LIBRARY OF CONGRESS CALL NUMBER | |
| Classification number | QD476 |
| Item number | .R4 vol. 1 |
| 100 1# - MAIN ENTRY--PERSONAL NAME | |
| Personal name | Bunton, C. A. |
| 245 10 - TITLE STATEMENT | |
| Title | Nucleophilic substitution at a saturated carbon atom. |
| 260 ## - PUBLICATION, DISTRIBUTION, ETC. (IMPRINT) | |
| Place of publication, distribution, etc. | Amsterdam, |
| -- | New York, |
| Name of publisher, distributor, etc. | Elsevier Pub. Co., |
| Date of publication, distribution, etc. | 1963. |
| 300 ## - PHYSICAL DESCRIPTION | |
| Extent | ix, 172 p. |
| 500 ## - GENERAL NOTE | |
| General note | illustrations. |
| 650 #0 - SUBJECT ADDED ENTRY--TOPICAL TERM | |
| Topical term following geographic name as entry element | Carbon compounds , Substitution reactions |
| 942 ## - ADDED ENTRY ELEMENTS (KOHA) | |
| Koha item type | General circulation |
| Withdrawn status | Lost status | Source of classification or shelving scheme | Damaged status | Not for loan | Home library | Current library | Date acquired | Cost, normal purchase price | Total Checkouts | Full call number | Barcode | Date last seen | Cost, replacement price | Koha item type | Public note | Price effective from |
|---|---|---|---|---|---|---|---|---|---|---|---|---|---|---|---|---|
| Library of Congress Classification | Main Campus Library | Main Campus Library | 26/08/2014 | 1136.22 | QD476 .R4 vol. 1 | 2017/020500 | 26/08/2014 | 1636.00 | General circulation | amm | ||||||
| Library of Congress Classification | Main Campus Library | Main Campus Library | 26/08/2014 | 1136.22 | QD476 .R4 vol. 1 | 2017/020499 | 26/08/2014 | 1636.00 | General circulation | amm | ||||||
| Library of Congress Classification | Main Campus Library | Main Campus Library | 29/08/2014 | 1136.22 | QD 476 .R4 vol. 1 | 2019/022555 | 29/08/2014 | 1631.00 | General circulation | Rono | 29/08/2014 |